Auditing (Record no. 84459)
[ view plain ]
| 000 -LEADER | |
|---|---|
| fixed length control field | 00892nam a2200193 a 4500 |
| 008 - FIXED-LENGTH DATA ELEMENTS--GENERAL INFORMATION | |
| fixed length control field | 120416s1988 ||||||||||||||||| || u |
| 020 ## - INTERNATIONAL STANDARD BOOK NUMBER | |
| International Standard Book Number | 0130509159 |
| 050 ## - LIBRARY OF CONGRESS CALL NUMBER | |
| Classification number | HF 5667 Are |
| 100 ## - MAIN ENTRY--PERSONAL NAME | |
| Personal name | Loebbecke, James K |
| 245 10 - TITLE STATEMENT | |
| Title | Auditing |
| 246 ## - | |
| -- | an integrated approach |
| 250 ## - EDITION STATEMENT | |
| Edition statement | 4th. ed. |
| 260 ## - PUBLICATION, DISTRIBUTION, ETC. | |
| Place of publication, distribution, etc. | Englewood Cliffs, N.Y. |
| Name of publisher, distributor, etc. | FT Prentice-Hall |
| Date of publication, distribution, etc. | 1988 |
| 300 ## - PHYSICAL DESCRIPTION | |
| Extent | xvi, 832p. : ill. |
| 350 ## - | |
| -- | 0.00 |
| 995 ## - | |
| -- | ANNEX COLLECTION (Main Library) |
| -- | 0.00 |
| -- | 725902 |
| -- | CBU-MAIN LIBRARY (Kitwe) |
| -- | 1 |
| -- | 45.85 |
| -- | HF 5667 Are |
| -- | 3 |
| -- | AVAILABLE |
| -- | 008098 |
| -- | Annex Low-Usage Collection |
| 995 ## - | |
| -- | ANNEX COLLECTION (Main Library) |
| -- | 0.00 |
| -- | 725901 |
| -- | CBU-MAIN LIBRARY (Kitwe) |
| -- | 2 |
| -- | 45.85 |
| -- | HF 5667 Are |
| -- | 1 |
| -- | AVAILABLE |
| -- | 007134 |
| -- | Annex Low-Usage Collection |
| 995 ## - | |
| -- | MAIN LIBRARY OPEN ACCESS |
| -- | 0.00 |
| -- | 725899 |
| -- | CBU-MAIN LIBRARY (Kitwe) |
| -- | 3 |
| -- | 45.85 |
| -- | HF 5667 Are |
| -- | 2 |
| -- | AVAILABLE |
| -- | 007306 |
| -- | Main Library Open Access Collection |
| 999 ## - | |
| -- | 84459 |
| -- | 84459 |
| Withdrawn status | Lost status | Source of classification or shelving scheme | Damaged status | Not for loan | Permanent Location | Current Location | Shelving location | Date acquired | Total Checkouts | Full call number | Barcode | Date last seen | Copy number | Price effective from | Koha item type |
|---|---|---|---|---|---|---|---|---|---|---|---|---|---|---|---|
| CBU-MAIN LIBRARY, KITWE. | CBU-MAIN LIBRARY, KITWE. | 01/25/2024 | HF 5667 Are | 008098 | 01/25/2024 | 1 | 01/25/2024 | MONOGRAPH | |||||||
| CBU-MAIN LIBRARY, KITWE. | CBU-MAIN LIBRARY, KITWE. | 01/25/2024 | HF 5667 Are | 007134 | 01/25/2024 | 2 | 01/25/2024 | MONOGRAPH | |||||||
| CBU-MAIN LIBRARY, KITWE. | CBU-MAIN LIBRARY, KITWE. | 01/25/2024 | HF 5667 Are | 007306 | 01/25/2024 | 3 | 01/25/2024 | MONOGRAPH |